Principes de la science sociale
Guardat en:
| Autor principal: | |
|---|---|
| Format: | Llibre |
| Idioma: | francès |
| Publicat: |
París
Librairie de Guillaumin
1861
|
| Matèries: | |
| Etiquetes: |
Afegir etiqueta
Sense etiquetes, Sigues el primer a etiquetar aquest registre!
|
MARC
| LEADER | 00000nam a2200000 a 4500 | ||
|---|---|---|---|
| 001 | UCR4113 | ||
| 003 | CL-VaPUC | ||
| 008 | 980307e18610000FR |||||||||||||||||fre|d | ||
| 082 | 0 | 4 | |a 300.1 |b CAR |2 21 |
| 100 | 0 | |a Carey, M. H |e author |9 403762 | |
| 245 | 1 | 0 | |a Principes de la science sociale |
| 300 | |a 3 t | ||
| 942 | |c BK | ||
| 945 | |d 19980307 00:00:00 |a cmena | ||
| 260 | |a París |b Librairie de Guillaumin |c 1861 | ||
| 650 | 0 | |a Ciencias Políticas |9 255201 | |
| 650 | 0 | |a Ciencias sociales |9 256351 | |
| 650 | 0 | |a Métodos de investigación |9 262618 | |
| 650 | 0 | |a Naturaleza humana |9 308593 | |
| 650 | 7 | |a CENTRALIZACION |2 CL-VaPUC |9 384356 | |
| 650 | 0 | |a Clases sociales |9 256858 | |
| 650 | 0 | |a Estratificación social |9 337692 | |
| 650 | 0 | |a Cambio social |9 256857 | |
| 650 | 0 | |a Desarrollo económico y social |9 256320 | |
| 583 | |a last modification |c 19980307 00:00:00 |k Rodrigo Vera | ||
| 999 | |c 267066 |d 267064 | ||
| 952 | |0 0 |1 0 |4 0 |6 300_100000000000000_CAR_1861 |7 0 |8 X |9 299218 |a BIBDER |b BIBDER |d 2019-11-20 |h t.1 |i 195749K |o 300.1 CAR 1861 |p 195749K |r 2023-01-25 |w 2019-11-20 |y BK_X |k DER | ||
| 952 | |0 0 |1 0 |4 0 |6 300_100000000000000_CAR_1861 |7 0 |8 X |9 299219 |a BIBDER |b BIBDER |d 2019-11-20 |h t.2 |i 1957503 |o 300.1 CAR 1861 |p 1957503 |r 2023-01-25 |w 2019-11-20 |y BK_X |k DER | ||
| 952 | |0 0 |1 0 |4 0 |6 300_100000000000000_CAR_1861 |7 0 |8 X |9 299220 |a BIBDER |b BIBDER |d 2019-11-20 |h t.3 |i 1957511 |o 300.1 CAR 1861 |p 1957511 |r 2023-01-25 |w 2019-11-20 |y BK_X |k DER | ||